LEADER 00994nam a2200265 a 4500 001 000000126256 003 CaOOAMICUS 005 20110908150255.0 008 110908s2011 it e 000 0 ita r 040 $aPUL$bita 082 04$a853 100 1 $aGuerri, Giordano Bruno.$0(OLS)http://pul/name/39994 245 10$aEbo e Gina /$cGiordano Bruno Guerri. 260 $aMilano :$bR.C.S. Quotidiani,$c©2011. 300 $a62 p. ;$c18 cm 490 1 $aInediti d'autore ;$v13 500 $aEd. speciale per Corriere della Sera. 830 0$aInediti d'autore ;$v13.$0(OLS)http://pul/title/159119 850 $aPUL 852 $aPUL$W1$xDP2 Cons. Gen., Altre Classi 3$y97$m853 COLL 2.13$j145621$qDDC 21$B144481$CPULBib$Z2$F144481 $H117911 $82 941 1 $a9 996 $6082$a853$9(OLS)http://pul/classification/1915 996 $6245$aEbo e Gina$9(OLS)http://pul/title/159429 996 $6260$aMilano :$bR.C.S. Quotidiani$9(OLS)http://pul/publisher/79195 LEADER 01301nam a2200313 a 4500 001 000000154830 003 CaOOAMICUS 005 20161010092041.0 008 161010s2016 vc u000 u ita r 020 $a978-88-465-1097-6* 032 $aLibriCat 040 $aPUL$bita 082 04$a230 100 1 $aArdovino, Adriano,$d1973-$0(OLS)http://pul/name/69469 245 10$aInterpretazioni fenomenologiche del cristianesimo /$cAdriano Ardovino. 260 $aCittą del Vaticano :$bLateran University Press,$c©2016. 300 $a324 p. ;$c25 cm. 490 1 $aEcclesia Mater. Studi ;$v09 504 $aBibliografia in nota. 650 4$aTeologia e fenomenologia.$0(OLS)http://pul/subject/35555 830 0$aEcclesia Mater$pStudi ;$v09.$0(OLS)http://pul/title/173692 850 $aPUL 852 $aPUL$W1$xSL Religione 3$y85$m230 COLL 10.9$j177798$qDDC 21$B180961$CPULBib$Z2$F180961 $H128182 $81 941 1 $a9 996 $6020$a978-88-465-1097-6*$9(OLS)http://pul/number/161296 996 $6082$a230$9(OLS)http://pul/classification/368 996 $6245$aInterpretazioni fenomenologiche del cristianesimo$9(OLS)http://pul/title/194466 996 $6260$aCittą del Vaticano :$bLateran University Press$9(OLS)http://pul/publisher/74585